[Event "SVK-chT1E 1415"]
[Site "Slovakia"]
[Date "2015.01.31"]
[Round "7.4"]
[White "Holecko, Rastislav"]
[Black "Koval, Anton"]
[Result "1/2-1/2"]
[WhiteElo "2264"]
[BlackElo "2170"]
[PlyCount "137"]
[EventDate "2014.10.18"]
[EventType "team-tourn"]
[EventRounds "11"]
[EventCountry "SVK"]
[SourceTitle "EXT 2016"]
[Source "ChessBase"]
[SourceDate "2015.10.08"]
[SourceVersion "1"]
[SourceVersionDate "2015.10.08"]
[SourceQuality "1"]
[WhiteTeam "Michalovce Zemplin"]
[BlackTeam "Bardejov"]
[WhiteTeamCountry "SVK"]
[BlackTeamCountry "SVK"]

1. e4 c5 2. Nf3 e6 3. g3 Nc6 4. Bg2 Nf6 5. Qe2 e5 6. 0-0 Be7 7. c3 0-0 8. Rd1 d6 9. h3 Qc7 10. d4 a6 11. Nbd2 b5 12. a4 b4 13. Nc4 cxd4 14. cxd4 Na5 15. dxe5 Qxc4 16. Qxc4 Nxc4 17. exf6 Bxf6 18. Nd4 Bb7 19. b3 Na5 20. Rb1 Rfe8 21. f3 d5 22. Nf5 dxe4 23. Nd6 Red8 24. fxe4 Bc6 25. Be3 Be5 26. Nf5 Kh8 27. Rxd8+ Rxd8 28. Bb6 Nb7 29. Bxd8 Nxd8 30. Rc1 g6 31. Ne7 Bb7 32. Kh2 Kg7 33. Nd5 Nc6 34. Bf1 Nd4 35. Nxb4 Bxe4 36. Bg2 Ne2 37. Rc4 Bxg3+ 38. Kh1 Bf5 39. Nxa6 Bd3 40. Rc6 Be5 41. Nb4 Bf5 42. Nc2 Nf4 43. Rc5 Bd6 44. Rxf5 gxf5 45. a5 Bc7 46. a6 Bb6 47. Na3 Nd3 48. Bf1 Nb4 49. Nc4 Bc5 50. Ne5 f6 51. Nd7 Ba7 52. Bc4 Nc6 53. Be6 f4 54. Kg2 Ne5 55. b4 f3+ 56. Kg3 f2 57. Kg2 Nxd7 58. Bxd7 Kg6 59. Bb5 Kg5 60. Bd3 h5 61. Kg3 h4+ 62. Kf3 f5 63. Be2 Bb6 64. Bd3 Ba7 65. Bf1 Bb6 66. Ke2 Kf4 67. Kd3 Ke5 68. Kc4 Kd6 69. Kb5 1/2-1/2